header

The poor belong to us (Record no. 1431)

MARC details
000 -LEADER
fixed length control field 01679nam a2200397Ia 4500
082 04 - DEWEY DECIMAL CLASSIFICATION NUMBER
Classification number 361.7/5/08822
100 1# - MAIN ENTRY--AUTHOR NAME
Personal name Brown, Dorothy M.
245 14 - TITLE STATEMENT
Title The poor belong to us
260 ## - PUBLICATION, DISTRIBUTION, ETC. (IMPRINT)
Place of publication Cambridge, MA. :
Name of publisher Harvard University Press,
Year of publication 1997.
300 ## - PHYSICAL DESCRIPTION
Number of Pages viii, 284 p.
650 #0 - SUBJECT ADDED ENTRY--TOPICAL TERM
Topical Term Church work with the poor
Topical Term Church work with the poor
Topical Term Public welfare
700 1# - ADDED ENTRY--PERSONAL NAME
Personal name McKeown, Elizabeth.
856 40 - ELECTRONIC LOCATION AND ACCESS
Uniform Resource Identifier http://site.ebrary.com/lib/rucke/Doc?id=5004908

No items available.

© 2026 Rongo University
Contact us: librarian | system librarian | Rongo university